Normal view
MARC view
Entry Personal Name
001 - CONTROL NUMBER
- control field: 3741
003 - CONTROL NUMBER IDENTIFIER
- control field: OSt
005 - DATE AND TIME OF LATEST TRANSACTION
- control field: 20210915092003.0
008 - FIXED-LENGTH DATA ELEMENTS
- fixed length control field: 210915|| aca||aabn | a|a d
040 ## - CATALOGING SOURCE
- Original cataloging agency: OSt
- Transcribing agency: OSt
100 ## - HEADING--PERSONAL NAME
- Personal name: Chrambach
- Fuller form of name: Andreas Chrambach
670 ## - SOURCE DATA FOUND
- Source citation: Work cat.: (OSt)3959: Chrambach Andreas Chrambach, Advanced Methods in the Biological Sciences, 1985